Mandarin HSK 3.0 Level 1 - Statistics

General Stats
  • This quiz has been taken 20 times
  • The average score is 165 of 300
Answer Stats
Characters Pinyin English Meaning % Correct
爸爸 bàba dad
100%
he, him
92%
inside, in, mile
92%
not, no
92%
zài to be at; at; in the middle of
92%
ài to love
92%
男朋友 nánpéngyou boyfriend
85%
eight
85%
four
85%
朋友 péngyou friend
85%
女朋友 nǚpéngyou girlfriend
85%
hǎo good; (well); (to be fond of)
85%
妈妈 māma mom
85%
rén person
85%
liù six
85%
shí ten
85%
sān three
85%
zuò to do, to make
85%
to go
85%
èr two
85%
you
85%
nín you
85%
你们 nǐmen you (plural)
85%
big
77%
中国 Zhōngguó China
77%
duì correct, right; to, toward, for; (totreat; pair)
77%
tiān day; measure word for days
77%
白天 báitiān daytime
77%
five
77%
一半 yíbàn half
77%
bàn half; (half, semi-)
77%
你好 nǐ hǎo hello
77%
wèi hello (used when answering the phone)
77%
jiā home, family
77%
bǎi hundred
77%
I
77%
one
77%
seven
77%
she
77%
学生 xuéshēng student
77%
他们 tāmen they
77%
它们 tāmen they
77%
她们 tāmen they
77%
起床 qǐchuáng to get up
77%
liǎng two
77%
大学生 dàxuéshēng university student
77%
shàng up, above; to go up
77%
shéi/shuí who
77%
飞机 fēijī airplane
69%
一点儿 yìdiǎnr a little, a bit
69%
shū book
69%
面包 miànbāo bread
69%
māo cat
69%
中文 Zhōngwén Chinese language
69%
fàn cooked rice, meal
69%
好吃 hǎochī delicious, tasty
69%
gǒu dog
69%
shǎo few, little; to lack
69%
怎么 zěnme how
69%
小朋友 xiǎopéngyǒu little friend, child
69%
běn measure word for books
69%
qián money
69%
jiǔ nine
69%
rain
69%
学校 xuéxiào school
69%
xiǎo small; prefix indicating small size or endearment
69%
chá tea
69%
电话 diànhuà telephone, phone call
69%
zhè this
69%
mǎi to buy
69%
上学 shàngxué to go to school
69%
上班 shàngbān to go to work
69%
打电话 dǎ diànhuà to make a phone call
69%
下雨 xià yǔ to rain
69%
to read
69%
读书 dúshū to read a book
69%
我们 wǒmen we
69%
工作 gōngzuò work; to work
69%
弟弟 dìdi younger brother
69%
and, with
62%
苹果 píngguǒ apple
62%
máng busy; to be busy
62%
néng can, be able to
62%
可以 kěyǐ can, may; okay, fine
62%
huì can, to be able to
62%
手机 shǒujī cell phone
62%
孩子 háizi child
62%
class, lesson
62%
同学 tóngxué classmate
62%
衣服 yīfu clothes
62%
guó country
62%
杯子 bēizi cup, glass
62%
晚饭 wǎnfàn dinner
62%
医生 yīshēng doctor
62%
不要 búyào don't, not want
62%
鸡蛋 jīdàn egg
62%
晚上 wǎnshang evening
62%
female
62%
再见 zàijiàn goodbye
62%
高兴 gāoxìng happy, glad
62%
这边 zhèbiān here
62%
这里 zhèlǐ here
62%
这儿 zhèr here
62%
医院 yīyuàn hospital
62%
bìng illness, disease; to be ill
62%
nán male
62%
duō many, much; to have more
62%
shì matter, thing
62%
suì measure word for age
62%
measure word for days; (sun)
62%
中学 zhōngxué middle school
62%
fēn minute; (to divide, to separate;component, part)
62%
yuè month; moon
62%
上午 shàngwǔ morning
62%
早上 zǎoshang morning
62%
ne question or continuation particle
62%
对不起 duìbuqǐ sorry
62%
老师 lǎoshī teacher
62%
that; (then)
62%
那里 nàlǐ there
62%
那儿 nàr there
62%
东西 dōngxi thing, object
62%
上课 shàngkè to attend class
62%
jiào to be called, to call; to make; (by)
62%
lái to come
62%
今天 jīntiān today
62%
to drink
62%
chī to eat
62%
yǒu to have, to exist
62%
知道 zhīdào to know
62%
认识 rènshi to know, to recognize
62%
xué to learn, to study
62%
喜欢 xǐhuan to like
62%
明天 míngtiān tomorrow
62%
看病 kànbìng to see a doctor
62%
kàn to see, to look
62%
zuò to sit
62%
谢谢 xièxie to thank
62%
xiǎng to think; to want
62%
yào to want, to need
62%
非常 fēicháng very, extremely
62%
shuǐ water
62%
什么 shénme what
62%
哪里 nǎlǐ where
62%
哪儿 nǎr where
62%
líng zero
62%
下午 xiàwǔ afternoon
54%
zài again, then
54%
also, too
54%
漂亮 piàoliang beautiful
54%
早饭 zǎofàn breakfast
54%
character, script
54%
汉字 Hànzì Chinese character
54%
电脑 diànnǎo computer
54%
女儿 nǚ’ér daughter
54%
家人 jiārén family member
54%
hot
54%
小时 xiǎoshí hour
54%
it
54%
请问 qǐngwèn may I ask
54%
牛奶 niúnǎi milk
54%
时候 shíhou moment, time
54%
kǒu mouth; measure word for family members, bites
54%
名字 míngzi name
54%
哥哥 gēge older brother
54%
姐姐 jiějie older sister
54%
好听 hǎotīng pleasant to listen to
54%
qǐng please
54%
问题 wèntí question
54%
diàn shop, store
54%
biān side; suffix indicating direction
54%
儿子 érzi son
54%
商店 shāngdiàn store, shop
54%
电视 diànshì television
54%
今年 jīnnián this year
54%
qiān thousand
54%
wèn to ask
54%
做饭 zuò fàn to cook
54%
生病 shēngbìng to get sick
54%
听见 tīngjiàn to hear
54%
tīng to listen
54%
tài too, extremely
54%
mài to sell
54%
shuì to sleep
54%
睡觉 shuìjiào to sleep
54%
学习 xuéxí to study
54%
火车 huǒchē train
54%
chē vehicle, car
54%
hěn very
54%
天气 tiānqì weather
54%
nián year; measure word for years
54%
昨天 zuótiān yesterday
54%
有点儿 yǒudiǎnr a little, slightly
46%
便宜 piányi cheap
46%
lěng cold
46%
xià down, below; to go down
46%
饺子 jiǎozi dumpling
46%
大家 dàjiā everyone
46%
水果 shuǐguǒ fruit
46%
多少 duōshao how many, how much
46%
去年 qùnián last year
46%
zhī measure word for animals, one of a pair
46%
xiē measure word for an indefinite amount
46%
measure word for general objects
46%
jiàn measure word for items
46%
kuài measure word for pieces, chunks, money
46%
diǎn measure word for small roundthings; (point, dot)
46%
中学生 zhōngxuéshēng middle school student
46%
分钟 fēnzhōng minute
46%
xīn new
46%
明年 míngnián next year
46%
现在 xiànzài now
46%
hào number; measure word for people,items
46%
一下 yíxià once, a little; (in a short while)
46%
外边 wàibian outside
46%
wài outside, exterior
46%
小学 xiǎoxué primary school
46%
一些 yìxiē some, a few
46%
星期日 xīngqīrì Sunday
46%
星期天 xīngqītiān Sunday
46%
桌子 zhuōzi table, desk
46%
出租车 chūzūchē taxi
46%
这个 zhège this one
46%
时间 shíjiān time
46%
觉得 juéde to feel, to think
46%
gěi to give; (to, for)
46%
kāi to open
46%
休息 xiūxi to rest
46%
huí to return; (measure word for times)
46%
jiàn to see
46%
看见 kànjiàn to see
46%
shuō to speak, to say
46%
xiě to write
46%
大学 dàxué university
46%
星期v xīngqī week
46%
妹妹 mèimei younger sister
46%
yuán yuan
46%
dōu all, both
38%
书店 shūdiàn bookstore
38%
zǎo early
38%
guì expensive
38%
qián front, before
38%
午饭 wǔfàn lunch
38%
电影 diànyǐng movie, film
38%
面条儿 miàntiáor noodles
38%
中午 zhōngwǔ noon
38%
小学生 xiǎoxuéshēng primary school student
38%
zhēn really; (true)
38%
饭店 fàndiàn restaurant
38%
房间 fángjiān room
38%
xuě snow
38%
有些 yǒuxiē some, some of; (somewhat, rather)
38%
包子 bāozi steamed stuffed bun
38%
hái still, also; quite
38%
dào to arrive
38%
开车 kāichē to drive
38%
没事 méishì to have nothing to do, it doesn't matter
38%
zhù to live, to reside
38%
没有 méiyǒu to not have; have not
38%
chàng to sing
38%
穿 chuān to wear
38%
cài vegetable, dish
38%
不客气 bú kèqi you're welcome
38%
汉语 Hànyǔ Chinese language
31%
电影院 diànyǐngyuàn cinema
31%
公司 gōngsī company
31%
好玩儿 hǎowánr fun, amusing
31%
how many, a few
31%
wǎn late
31%
先生 xiānsheng Mr., husband
31%
song
31%
那个 nàge that one
31%
这些 zhèxiē these
31%
wán to play
31%
which
31%
哪个 nǎge which one
31%
hòu behind, later
23%
椅子 yǐzi chair
23%
女士 nǚshì lady, Ms.
23%
le particle indicating completed action or change of state
23%
ba particle indicating suggestion, confirmation, or hesitation
23%
de possessive or modifying particle
23%
ma question particle
23%
那些 nàxiē those
23%
shì to be
23%
下课 xiàkè to finish class
23%
说话 shuōhuà to talk
23%
米饭 mǐfàn cooked rice
15%
好看 hǎokàn good-looking
15%
men plural suffix for pronouns andnouns
15%
超市 chāoshì supermarket
15%
正在 zhèngzài in the process of
8%
没关系 méi guānxi never mind, it's okay
8%
那边 nàbiān over there
8%
下班 xiàbān to get off work
8%
zhǎo to look for
8%
哪些 nǎxiē which ones
8%
怎么样 zěnmeyàng how about, what do you think
0%
prefix for ordinal numbers
0%
有的 yǒude some of them
0%
No matching quizzes found
Score Distribution
Percent of People with Each Score
Percentile by Number Answered
Your Score History
You have not taken this quiz